|
|
|
|
| LEADER |
00000css a2200000 a 4500 |
| 001 |
19359 |
| 005 |
20230308221904.0 |
| 008 |
000000| ||||||||r|||||||||||spa|| |
| 040 |
|
|
|b spa
|
| 041 |
1 |
|
|a spa
|
| 082 |
0 |
|
|a 320.05
|b E48e
|
| 110 |
1 |
|
|a Embajada del Ecuador
|9 306482
|
| 245 |
|
|
|a Ecuador. Boletín de la Embajada del Ecuador
|c Embajada del Ecuador
|h imp
|
| 264 |
|
|
|a Madrid
|b Embajada del Ecuador
|c Diciembre de 1953
|
| 300 |
|
|
|a 31 páginas:
|b ilu
|c 30 cm
|
| 362 |
|
|
|a Año I; no. 9
|
| 650 |
1 |
|
|a Ecuador boletin de la embajada
|9 306981
|
| 650 |
1 |
|
|a Boletin de la embajada ecuador
|9 306982
|
| 650 |
|
|
|a Ecuador
|
| 852 |
|
|
|a UC-CDJBV
|c ESTANTERIA CERRADA
|f Donación
|k mariana.feican
|l 1
|m General
|p 00000000
|q 2,00
|r 2
|t 19359
|b 0
|d CDRC
|e CDRC
|g 320.05 E48e ESTANTERIA CERRADA
|z 0000-00-00
|
| 942 |
|
|
|c SER
|
| 999 |
|
|
|c 138856
|d 138856
|